|
000
|
01016nam 2200265 450
|
|
001
|
CAL 010030051422
|
|
005
|
20050125154504.02
|
|
010
|
|
@a978-7-02-004934-9@dCNY16.00
|
|
100
|
|
@a20050131d2004 em y0chiy0121 ea
|
|
101
|
0
|
@achi
|
|
102
|
|
@aCN@b110000
|
|
105
|
|
@ay z 000ay
|
|
106
|
|
@ar
|
|
200
|
1
|
@a许茂和他的女儿们@Axu mao he ta de nü er men@f周克芹著
|
|
210
|
|
@a北京@c人民文学出版社@d2004.05
|
|
215
|
|
@a283页@d21cm
|
|
225
|
2
|
@a茅盾文学奖获奖作品全集@Amao dun wen xue jiang huo jiang zuo pin quan ji
|
|
300
|
|
@a本书荣获第一届茅盾文学奖
|
|
330
|
|
@a在冬季里, 偏僻的葫芦坝上的庄稼人, 当黎明还没有到来的时候, 一天的日子就开始了。先是坝子上这儿那儿黑黝黝的竹林里, 响起一阵吱吱嘎嘎的开门的声音, 一个一个小青年跑出门来……。
|
|
410
|
0
|
@12001 @a茅盾文学奖获奖作品全集
|
|
606
|
0
|
@a长篇小说@Achang pian xiao shuo@y中国@z现代
|
|
690
|
|
@aI247.5@v5
|
|
701
|
0
|
@a周克芹,@Azhou ke qin@f1936-1990@4著
|
|
801
|
0
|
@aCN@bRENTIAN@c20050131
|
|
905
|
|
@aCKNYKJZYXY@b300514860-2@dI247.5@e1455@f3
|
|
|
|
|
| |
| 许茂和他的女儿们/周克芹著.-北京:人民文学出版社,2004.05 |
| 283页;21cm.-(茅盾文学奖获奖作品全集) |
| 本书荣获第一届茅盾文学奖 |
| |
| ISBN 978-7-02-004934-9:CNY16.00 |
| 在冬季里, 偏僻的葫芦坝上的庄稼人, 当黎明还没有到来的时候, 一天的日子就开始了。先是坝子上这儿那儿黑黝黝的竹林里, 响起一阵吱吱嘎嘎的开门的声音, 一个一个小青年跑出门来……。 |
| ● |
正题名:许茂和他的女儿们
索取号:I247.5/1455
 
预约/预借
| 序号
|
登录号
|
条形码
|
馆藏地/架位号
|
状态
|
备注
|
|
1
|
514860
|
300514860
|
海科密-1楼/28架3列6层/
[索取号:I247.5/1455]
|
在馆
|
|
|
2
|
514861
|
300514861
|
海科密-1楼/28架3列6层/
[索取号:I247.5/1455]
|
在馆
|
|
|
3
|
514862
|
300514862
|
海科密-1楼/28架3列6层/
[索取号:I247.5/1455]
|
在馆
|
|